000 00467nam a2200181Ia 4500
001 2354
005 20260306144800.0
008 260306t2018||||xx |||||||||||||| ||spa||
041 _aESP
082 _a616.89
_bB24A
100 _aBarlow, David H.
_eAUT
245 0 _aManual clínico de trastornos psicológicos:
_btratamiento paso a paso
260 _c2018
300 _axvi, 750 páginas :
_c23 cm.
650 _aGEN
654 _aCPS
942 _cLIB
_dJUS
_fJUS
_2ddc
_n
999 _c2354
_d2354